| 000 | 01683nam0a2200337 i 4500 | ||
|---|---|---|---|
| 001 | RU\NLR\BIBL_A\010189255 | ||
| 005 | 20260405133605.0 | ||
| 010 |
_a9785851277542 _9300 |
||
| 021 |
_aRU _b2013-99336 _96893 |
||
| 035 | _a(NILC)RuMoRGB-006712830 | ||
| 035 | _a(NLR Aleph) 010189255 | ||
| 090 |
_a10189378 _c10189378 |
||
| 100 | _a20140211d2013 k y0rusy50 ca | ||
| 101 | 0 | _arus | |
| 102 | _aRU | ||
| 105 | _ay|||z|||000yy | ||
| 200 | 1 |
_aАграрный сектор Кемеровской области во второй половине 1960-х - первой половине 1980-х гг. _eмонография _fД.С. Орлов _gМ-во образования и науки Рос Федерации, Федер. гос. бюджет. образоват. учреждение высш. проф. образования "Алтайс. гос. академия образования им. В.М. Шукшина", Рос. акад. наук. Сиб. отд-ние, Ин-т истории |
|
| 210 |
_aБийск _cАГАО _d2013 |
||
| 215 |
_a144 с. _d20 |
||
| 300 | _aНа обл. авт. не указан | ||
| 320 | _aБиблиогр.: с. 107-131 (353 назв.) | ||
| 606 | 1 |
_aСельское хозяйство _yКемеровская область _91562306 _3RU\NLR\AUTH\66683505 |
|
| 675 | _a338.43(571.17)(091) | ||
| 686 | 1 | _aУ32(2Р-4Ке) | |
| 700 | 1 |
_7ca _8rus _aОрлов _bД. С. _cканд. ист. наук _f1980- _gДмитрий Сергеевич _937178 _3RU\NLR\AUTH\7754246 |
|
| 801 | 0 |
_aRU _bRuMoRKP _c20131209 _gRCR |
|
| 801 | 2 |
_aRU _bРГБ _c20140113 _grcr |
|
| 942 | _cBOOK | ||
| 980 | _aNBR | ||